| 000 | 00615nam a2200241Ia 4500 | ||
|---|---|---|---|
| 001 | 16182 | ||
| 003 | GE_BSU | ||
| 008 | 181216s||||||||xx |||||||||||||| ||und|| | ||
| 020 | _a9780486428079 | ||
| 040 | _cGE_BSU | ||
| 080 | _a519.4 | ||
| 100 | _aDahlquist,Germund. Bjorck Ake. Anderson,Ned | ||
| 245 | _aNumerical Methods | ||
| 260 | _aNew York | ||
| 260 | _bDoves Publications,INC | ||
| 260 | _c2003 | ||
| 300 | _a573p.21cm. | ||
| 541 | _h70Gel. | ||
| 653 | _aNumerical Methods | ||
| 653 | _aმათემატიკა | ||
| 653 | _aრიცხვითი მეთოდები | ||
| 942 | _cBK | ||
| 999 |
_c49267 _d49267 |
||